|
|
|
|
| LEADER |
00000nam0a2200000 4500 |
| 001 |
365880 |
| 005 |
20231102011828.0 |
| 035 |
|
|
|a (RuTPU)RU\TPU\retro\23243
|
| 090 |
|
|
|a 365880
|
| 100 |
|
|
|a 20220125d1979 km y0rusy50 ca
|
| 101 |
0 |
|
|a rus
|
| 102 |
|
|
|a RU
|
| 105 |
|
|
|a a z 001zy
|
| 200 |
1 |
|
|a Методы и структуры систем телетрафика
|f Академия наук СССР, Институт проблем передачи информации ; под отв.. А. Д. Харкевич
|
| 210 |
|
|
|a Москва
|c Наука
|d 1979
|
| 215 |
|
|
|a 207 с.
|c ил.
|
| 320 |
|
|
|a Библиогр. в конце ст.
|
| 606 |
1 |
|
|a Синтетическая телефония
|x Моделирование
|2 stltpush
|3 (RuTPU)RU\TPU\subj\54876
|9 72949
|
| 610 |
1 |
|
|a телетрафик
|
| 610 |
1 |
|
|a методы
|
| 610 |
1 |
|
|a структуры
|
| 610 |
1 |
|
|a теория массового обслуживания
|
| 610 |
1 |
|
|a системы передачи
|
| 610 |
1 |
|
|a АТС
|
| 610 |
1 |
|
|a нагрузки
|
| 610 |
1 |
|
|a коммутационные системы
|
| 675 |
|
|
|a 621.395:519.2
|v 4
|
| 702 |
|
1 |
|a Харкевич
|b А. Д.
|4 340
|
| 712 |
0 |
2 |
|a Академия наук СССР
|b Институт проблем передачи информации
|c (Москва)
|2 stltpush
|3 (RuTPU)RU\TPU\col\12444
|9 25402
|
| 801 |
|
1 |
|a RU
|b 63413507
|c 20220125
|
| 942 |
|
|
|c BK
|